[Event "Europa ch 2014"]
[Site "Yerevan ARM"]
[Date "2014.03.07"]
[Round "5.26"]
[White "Lupulescu, Constantin"]
[Black "Kotanjian, Tigran"]
[Result "1/2-1/2"]
[WhiteElo "2643"]
[BlackElo "2531"]
[PlyCount "136"]
[EventDate "2014.03.03"]
[EventType "swiss"]
[EventRounds "11"]
[EventCountry "ARM"]
[Source "lmi"]
[SourceDate "2014.03.02"]

1. e4 c5 2. Nf3 d6 3. Bb5+ Nc6 4. Bxc6+ bxc6 5. O-O e5 6. c3 Nf6 7. d4 cxd4 8.
cxd4 exd4 9. Nxd4 c5 10. Nc2 Be7 11. Nc3 O-O 12. Ne3 Bb7 13. f3 Re8 14. Qc2 Qb6
15. Rd1 Rad8 16. Kh1 Bf8 17. Ned5 Nxd5 18. Nxd5 Bxd5 19. Rxd5 Rb8 20. b3 a5 21.
Bf4 a4 22. bxa4 Re6 23. h3 Ra8 24. Bd2 Qa6 25. a5 g6 26. Rc1 Ree8 27. Qd3 Reb8
28. Bc3 Qxd3 29. Rxd3 Ra6 30. f4 f6 31. e5 dxe5 32. fxe5 fxe5 33. Bxe5 Rc8 34.
Bc3 Bg7 35. Bxg7 Kxg7 36. Rd7+ Kh6 37. Rc4 Rxa5 38. a4 g5 39. Rd6+ Kg7 40. Rd7+
Kg6 41. Rd6+ Kg7 42. Kh2 Rc7 43. Kg3 Rca7 44. Kg4 Rxa4 45. Rxa4 Rxa4+ 46. Kxg5
c4 47. Rd7+ Kg8 48. Rd8+ Kg7 49. Rd7+ Kg8 50. Rc7 Ra2 51. g4 Ra3 52. h4 c3 53.
h5 Ra5+ 54. Kh4 h6 55. Rxc3 Ra4 56. Kg3 Kg7 57. Rc7+ Kg8 58. Re7 Rb4 59. Kf3
Ra4 60. Re4 Ra1 61. Kf4 Kf7 62. Rd4 Rf1+ 63. Ke5 Re1+ 64. Re4 Rxe4+ 65. Kxe4
Ke6 66. Kf4 Kf6 67. g5+ hxg5+ 68. Kg4 Ke5 1/2-1/2

[Event "Europa ch 2014"]
[Site "Yerevan ARM"]
[Date "2014.03.07"]
[Round "5.28"]
[White "Jobava, Baadur"]
[Black "Charochkina, Daria"]
[Result "1-0"]
[WhiteElo "2716"]
[BlackElo "2374"]
[PlyCount "117"]
[EventDate "2014.03.03"]
[EventType "swiss"]
[EventRounds "11"]
[EventCountry "ARM"]
[Source "lmi"]
[SourceDate "2014.03.02"]

1. b3 e5 2. Bb2 Nc6 3. e3 Nf6 4. Bb5 Bd6 5. Na3 Na5 6. Be2 a6 7. Nf3 Qe7 8. Nb1
O-O 9. d4 exd4 10. Nxd4 Be5 11. Nc3 d6 12. O-O Nc6 13. Bf3 Bd7 14. Nde2 Rad8
15. Nf4 Bf5 16. Re1 d5 17. Qc1 Nb4 18. Re2 g5 19. a3 g4 20. Bxg4 Bxg4 21. axb4
Bxf4 22. exf4 Bxe2 23. Nxe2 Qxe2 24. Bxf6 Rd6 25. Qb2 d4 26. Be5 Rd5 27. h4 d3
28. cxd3 Qxb2 29. Bxb2 Rxd3 30. Ra5 f6 31. Rf5 Kg7 32. Rc5 Rxb3 33. Bc3 c6 34.
g4 Rd8 35. g5 Rd5 36. Bxf6+ Kg6 37. Rc4 h5 38. Re4 Rf5 39. Be7 Rh3 40. Bd6 Rd5
41. Kg2 Kf5 42. Re8 Rxh4 43. Rf8+ Kg6 44. Be5 Rg4+ 45. Kf3 a5 46. bxa5 Rxa5 47.
f5+ Kxg5 48. Bf6+ Kxf5 49. Bc3+ Ke6 50. Bxa5 Rg5 51. Re8+ Kd5 52. Kf4 Rg4+ 53.
Kf5 b5 54. f4 c5 55. Re5+ Kc4 56. Bb6 b4 57. Rxc5+ Kd3 58. Ba5 Ke3 59. Rc4 1-0

[Event "Europa ch 2014"]
[Site "Yerevan ARM"]
[Date "2014.03.07"]
[Round "5.29"]
[White "Anton Guijarro, David"]
[Black "Korobov, Anton"]
[Result "1-0"]
[WhiteElo "2559"]
[BlackElo "2719"]
[PlyCount "71"]
[EventDate "2014.03.03"]
[EventType "swiss"]
[EventRounds "11"]
[EventCountry "ARM"]
[Source "lmi"]
[SourceDate "2014.03.02"]

1. e4 c5 2. Nf3 Nc6 3. Bb5 d6 4. O-O Bg4 5. h3 Bh5 6. Re1 e6 7. g4 Bg6 8. d4
cxd4 9. Nxd4 Nge7 10. c4 h5 11. Nc3 hxg4 12. hxg4 Qc7 13. Bf4 O-O-O 14. Nb3 Ne5
15. Rc1 N7c6 16. Nd5 exd5 17. cxd5 Qe7 18. Bg3 Qg5 19. Bf1 Qxg4 20. Qxg4+ Nxg4
21. dxc6 Ne5 22. Bxe5 dxe5 23. Na5 bxc6 24. Nxc6 Rd6 25. Nxe5+ Kb7 26. Bc4 Rh5
27. Bd5+ Ka6 28. f4 Rb6 29. Nd7 Rxb2 30. Nxf8 Rhh2 31. e5 Bh5 32. Nd7 Rh3 33.
Nc5+ Kb5 34. Ne4 Bf3 35. Nd6+ Ka4 36. Bb3+ 1-0

[Event "Europa ch 2014"]
[Site "Yerevan ARM"]
[Date "2014.03.07"]
[Round "5.30"]
[White "Yilmaz, Mustafa"]
[Black "Malakhov, Vladimir"]
[Result "1/2-1/2"]
[WhiteElo "2557"]
[BlackElo "2717"]
[PlyCount "104"]
[EventDate "2014.03.03"]
[EventType "swiss"]
[EventRounds "11"]
[EventCountry "ARM"]
[Source "lmi"]
[SourceDate "2014.03.02"]

1. d4 g6 2. c4 Bg7 3. e4 e6 4. Nf3 Ne7 5. Nc3 d5 6. Be2 Nbc6 7. e5 O-O 8. O-O
h6 9. Be3 Nf5 10. Qd2 dxc4 11. Bxc4 b6 12. Rfd1 Bb7 13. Rac1 Nce7 14. Qe2 a6
15. Bb3 Rc8 16. Bc2 Nd5 17. a3 Qd7 18. Ne4 Qe7 19. Bd2 Nh4 20. Bd3 a5 21. Rc2
Rfd8 22. Rdc1 Kh8 23. Ne1 Qf8 24. Bb5 Qe7 25. Bd3 Rf8 26. Qg4 Nf5 27. Nf3 Kg8
28. Qh3 h5 29. Bg5 f6 30. exf6 Bxf6 31. Nxf6+ Nxf6 32. Re1 Qf7 33. Bc4 Bd5 34.
Bxd5 exd5 35. Bxf6 Qxf6 36. Rce2 Nxd4 37. Nxd4 Qxd4 38. Qe6+ Kh7 39. g3 Kh6 40.
h4 c6 41. Kg2 Qd3 42. f4 Qf5 43. Qxf5 gxf5 44. Re7 Kg6 45. Rb7 Rfe8 46. Rxe8
Rxe8 47. Rxb6 Re6 48. b4 axb4 49. axb4 d4 50. b5 d3 51. Rxc6 Rxc6 52. bxc6 d2
1/2-1/2

[Event "Europa ch 2014"]
[Site "Yerevan ARM"]
[Date "2014.03.07"]
[Round "5.31"]
[White "Kovalev, Vladislav"]
[Black "Moiseenko, Alexander"]
[Result "1/2-1/2"]
[WhiteElo "2548"]
[BlackElo "2712"]
[PlyCount "94"]
[EventDate "2014.03.03"]
[EventType "swiss"]
[EventRounds "11"]
[EventCountry "ARM"]
[Source "lmi"]
[SourceDate "2014.03.02"]

1. e4 c5 2. Nf3 Nc6 3. Nc3 e5 4. Bc4 Be7 5. d3 Nf6 6. Ng5 O-O 7. O-O d6 8. f4
Bg4 9. Qe1 exf4 10. Bxf4 Nd4 11. h3 Bh5 12. Qd2 Qd7 13. g4 Bg6 14. a4 a6 15.
Qg2 Rae8 16. a5 Kh8 17. Nf3 Nc6 18. Qh2 Qd8 19. Nd5 Nxd5 20. Bxd5 Nxa5 21. h4
h6 22. Rf2 Nc6 23. h5 Bh7 24. c3 Qd7 25. Qg3 Nd8 26. Raf1 Ne6 27. Bc1 b5 28. g5
hxg5 29. Qg4 f5 30. Bxe6 Qxe6 31. Nxg5 fxg4 32. Rxf8+ Rxf8 33. Rxf8+ Bxf8 34.
Nxe6 Be7 35. Kg2 c4 36. dxc4 Bxe4+ 37. Kg3 Bf5 38. Nf4 Bd8 39. cxb5 axb5 40.
Nd5 Be6 41. Nf4 Bd7 42. Nd5 Be6 43. Nf4 Bf5 44. Nd5 Be4 45. Nf4 Bf3 46. Ne6 Bf6
47. Nd4 Bxd4 1/2-1/2

[Event "Europa ch 2014"]
[Site "Yerevan ARM"]
[Date "2014.03.07"]
[Round "5.32"]
[White "Tomashevsky, Evgeny"]
[Black "Dzagnidze, Nana"]
[Result "1/2-1/2"]
[WhiteElo "2711"]
[BlackElo "2546"]
[PlyCount "83"]
[EventDate "2014.03.03"]
[EventType "swiss"]
[EventRounds "11"]
[EventCountry "ARM"]
[Source "lmi"]
[SourceDate "2014.03.02"]

1. d4 Nf6 2. c4 e6 3. g3 Bb4+ 4. Bd2 Bxd2+ 5. Qxd2 d5 6. Bg2 Nbd7 7. Nf3 c6 8.
O-O O-O 9. Rc1 b6 10. cxd5 cxd5 11. Nc3 Bb7 12. Rc2 Qe7 13. Rac1 Rfc8 14. Ne5
Ne8 15. e4 dxe4 16. Nxe4 Rxc2 17. Qxc2 Nxe5 18. dxe5 Rd8 19. h4 h6 20. Qa4 Bd5
21. Nc3 Bxg2 22. Kxg2 Qb7+ 23. Qe4 Qxe4+ 24. Nxe4 Kf8 25. Kf3 Ke7 26. Rc2 Rd5
27. Kf4 Kd7 28. g4 f6 29. exf6 Nxf6 30. f3 Nxe4 31. Kxe4 Rd1 32. h5 Re1+ 33.
Kf4 Rd1 34. b3 Ra1 35. a4 Rb1 36. Rc3 Re1 37. Rc4 Rb1 38. b4 a6 39. Ke5 Ra1 40.
Rd4+ Ke7 41. Rc4 Kd7 42. Rd4+ 1/2-1/2

[Event "Europa ch 2014"]
[Site "Yerevan ARM"]
[Date "2014.03.07"]
[Round "5.33"]
[White "Almasi, Zoltan"]
[Black "Aleksandrov, Aleksej"]
[Result "1-0"]
[WhiteElo "2704"]
[BlackElo "2544"]
[PlyCount "91"]
[EventDate "2014.03.03"]
[EventType "swiss"]
[EventRounds "11"]
[EventCountry "ARM"]
[Source "lmi"]
[SourceDate "2014.03.02"]

1. e4 e5 2. Nf3 Nc6 3. Bb5 Nf6 4. d3 d6 5. O-O Bd7 6. Re1 Be7 7. c3 O-O 8. Nbd2
Re8 9. Nf1 Bf8 10. Bg5 h6 11. Bh4 Be7 12. a4 Nh5 13. Bxe7 Qxe7 14. Ne3 Nf4 15.
g3 Nh3+ 16. Kg2 Ng5 17. Nxg5 Qxg5 18. a5 a6 19. Ba4 Rac8 20. Rf1 h5 21. h4 Qh6
22. Qe2 Rf8 23. f4 exf4 24. Rxf4 Qe6 25. Rh1 Qa2 26. Bd1 Ne5 27. Nd5 Bg4 28.
Qd2 Rfe8 29. Bxg4 Nxg4 30. Rhf1 f6 31. Rf5 c6 32. Nf4 d5 33. Nxh5 dxe4 34. Qe2
Nh6 35. Nxf6+ gxf6 36. Rxf6 Qd5 37. d4 e3+ 38. Kh2 Re6 39. Rxh6 Rxh6 40. Qg4+
Kh7 41. Qxc8 e2 42. Re1 Re6 43. Qxb7+ Kg6 44. Qc8 Re4 45. Qxa6 Re3 46. Rxe2 1-0

[Event "Europa ch 2014"]
[Site "Yerevan ARM"]
[Date "2014.03.07"]
[Round "5.36"]
[White "Bartel, Mateusz"]
[Black "Prizant, Jaroslav"]
[Result "1-0"]
[WhiteElo "2662"]
[BlackElo "2534"]
[PlyCount "75"]
[EventDate "2014.03.03"]
[EventType "swiss"]
[EventRounds "11"]
[EventCountry "ARM"]
[Source "lmi"]
[SourceDate "2014.03.02"]

1. e4 e6 2. d3 d5 3. Qe2 c5 4. g3 Nc6 5. Nf3 Nf6 6. Bg2 Be7 7. O-O O-O 8. e5
Ne8 9. c3 Nc7 10. h4 b5 11. Bf4 a5 12. Nbd2 a4 13. Rfd1 Ba6 14. Nf1 c4 15. dxc4
bxc4 16. a3 Na5 17. Ng5 Nb3 18. Rab1 Nc5 19. Qh5 h6 20. Ne3 Qe8 21. Bf3 f5 22.
exf6 Qxh5 23. Bxh5 Bxf6 24. Bxc7 hxg5 25. Bd6 Rfc8 26. Bg4 Kf7 27. hxg5 Bxg5
28. f4 Ne4 29. Bb4 Bh6 30. Kg2 Bb7 31. Bf3 Nf6 32. Rh1 Ra6 33. Rbe1 Rb6 34. Nc2
Bc6 35. Nd4 Bd7 36. Ne2 Re8 37. g4 e5 38. g5 1-0

[Event "Europa ch 2014"]
[Site "Yerevan ARM"]
[Date "2014.03.07"]
[Round "5.37"]
[White "Lysyj, Igor"]
[Black "Paichadze, Luka"]
[Result "1/2-1/2"]
[WhiteElo "2655"]
[BlackElo "2529"]
[PlyCount "81"]
[EventDate "2014.03.03"]
[EventType "swiss"]
[EventRounds "11"]
[EventCountry "ARM"]
[Source "lmi"]
[SourceDate "2014.03.02"]

1. d4 Nf6 2. c4 e6 3. Nf3 Bb4+ 4. Nbd2 b6 5. a3 Bxd2+ 6. Qxd2 Bb7 7. e3 a5 8.
b3 d6 9. Be2 Nbd7 10. Bb2 O-O 11. O-O Ne4 12. Qc2 f5 13. d5 e5 14. b4 c6 15.
dxc6 Bxc6 16. Rfd1 Rf6 17. Bf1 Rg6 18. c5 bxc5 19. bxc5 Nexc5 20. Bc4+ Kh8 21.
Bd5 Bxd5 22. Rxd5 Ne4 23. Rad1 Rc8 24. Qe2 Qb6 25. Qb5 Qxb5 26. Rxb5 a4 27. Nh4
Rf6 28. f4 Rf7 29. Ra5 exf4 30. Rxf5 Rcf8 31. Rxf7 Rxf7 32. exf4 Rxf4 33. Nf3
Kg8 34. Bd4 Rf8 35. Nd2 Ndc5 36. Bxc5 Nxc5 37. Nc4 Rb8 38. Nxd6 Rd8 39. Rd4 Ne6
40. Rd2 Nc5 41. Rd4 1/2-1/2

[Event "Europa ch 2014"]
[Site "Yerevan ARM"]
[Date "2014.03.07"]
[Round "5.38"]
[White "Sutovsky, Emil"]
[Black "Oral, Tomas"]
[Result "1/2-1/2"]
[WhiteElo "2652"]
[BlackElo "2528"]
[PlyCount "248"]
[EventDate "2014.03.03"]
[EventType "swiss"]
[EventRounds "11"]
[EventCountry "ARM"]
[Source "lmi"]
[SourceDate "2014.03.02"]

1. e4 c5 2. Nf3 e6 3. Nc3 Nc6 4. d4 cxd4 5. Nxd4 Qc7 6. Be3 a6 7. Qd2 Nf6 8. f4
Bb4 9. Bd3 Na5 10. a3 Bxc3 11. Qxc3 Qxc3+ 12. bxc3 d5 13. e5 Ne4 14. Nb3 Nc4
15. Bxc4 dxc4 16. Na5 Bd7 17. Bd4 Rc8 18. Nxb7 Ba4 19. Ke2 Bxc2 20. Ke3 O-O 21.
Ra2 Bd3 22. Rb2 Rb8 23. Rb4 f5 24. Na5 Rb5 25. Nc6 g5 26. a4 gxf4+ 27. Kxf4
Rxb4 28. cxb4 Bc2 29. Ra1 Ra8 30. g4 fxg4 31. Kxg4 c3 32. Kf4 Kf7 33. Ke3 Bb3
34. Rf1+ Ke8 35. Rg1 c2 36. Bb2 Kf7 37. Rf1+ Ke8 38. Rg1 Kf7 39. Nd4 Bd5 40.
Rf1+ Ke8 41. Rc1 a5 42. b5 Nc5 43. Rxc2 Nxa4 44. Ba3 Nb6 45. Kd3 a4 46. Rc7 Rc8
47. Re7+ Kd8 48. Rxh7 Nc4 49. Bd6 a3 50. b6 Nxb6 51. Bxa3 Nc4 52. Be7+ Kc7 53.
Bc5+ Kd8 54. Be7+ Kc7 55. Ke2 Kb6 56. Bd6 Nxd6 57. exd6 Rd8 58. Ke3 Rxd6 59.
Kf4 Bb7 60. Ne2 Rd2 61. Ng3 Bd5 62. h4 Rd4+ 63. Ke3 Rg4 64. Ne2 Kc5 65. h5 Rh4
66. h6 e5 67. Rh8 Rh3+ 68. Kf2 Rh2+ 69. Ke3 Rh3+ 70. Kf2 Rh2+ 71. Kg3 Rg2+ 72.
Kh3 Rxe2 73. Rc8+ Kd4 74. h7 Be6+ 75. Kg3 Re3+ 76. Kf2 Rh3 77. h8=Q Rxh8 78.
Rxh8 Bd5 79. Rd8 Ke4 80. Ke2 Kd4 81. Kd2 Ke4 82. Kc3 Be6 83. Kb4 Kf4 84. Kc5
Bg4 85. Rf8+ Ke3 86. Kd5 e4 87. Ke5 Bf3 88. Ra8 Kd3 89. Kf4 Kd2 90. Ra3 Kc2 91.
Ke3 Kb2 92. Ra5 Kc3 93. Rc5+ Kb4 94. Rc1 Kb5 95. Kd4 Kb6 96. Rc3 Kb5 97. Rc5+
Kb4 98. Re5 Kb3 99. Rb5+ Kc2 100. Rb8 Kd2 101. Rb2+ Ke1 102. Ke3 Kd1 103. Ra2
Kc1 104. Kd4 Kd1 105. Ke3 Kc1 106. Rd2 Kb1 107. Kd4 Kc1 108. Kc3 e3 109. Ra2
Kb1 110. Ra3 Bd1 111. Ra5 e2 112. Re5 Kc1 113. Re7 Kb1 114. Kd2 Kb2 115. Re3
Kb1 116. Re5 Kb2 117. Rb5+ Ka3 118. Rb8 Ka4 119. Re8 Kb3 120. Kd3 Kb2 121. Kd2
Kb3 122. Re4 Kb2 123. Re3 Kb1 124. Kc3 Kc1 1/2-1/2

[Event "Europa ch 2014"]
[Site "Yerevan ARM"]
[Date "2014.03.07"]
[Round "5.39"]
[White "Neverov, Valeriy"]
[Black "Balogh, Csaba"]
[Result "0-1"]
[WhiteElo "2508"]
[BlackElo "2651"]
[PlyCount "112"]
[EventDate "2014.03.03"]
[EventType "swiss"]
[EventRounds "11"]
[EventCountry "ARM"]
[Source "lmi"]
[SourceDate "2014.03.02"]

1. Nf3 d5 2. c4 d4 3. e3 Nc6 4. exd4 Nxd4 5. Nxd4 Qxd4 6. Nc3 c6 7. d3 Nh6 8.
Be2 g6 9. Be3 Qd8 10. g4 Bg7 11. h3 f5 12. Qd2 Nf7 13. O-O-O O-O 14. d4 b5 15.
f4 Qa5 16. a3 Rb8 17. c5 Rd8 18. Kb1 Be6 19. Na2 Qc7 20. Nb4 Bb3 21. Na6 Qd7
22. Nxb8 Rxb8 23. Bf3 Bxd1 24. Rxd1 fxg4 25. hxg4 e6 26. Qg2 Nd8 27. b3 Rb7 28.
Be4 Qe8 29. Rh1 Re7 30. Qh3 Bf6 31. Bc2 a5 32. Be4 Rd7 33. g5 Bh8 34. Kc2 Qf7
35. Rd1 a4 36. bxa4 e5 37. d5 cxd5 38. axb5 d4 39. Rd3 Qc4+ 40. Kd1 Qxb5 41.
Bd2 Qa4+ 42. Ke2 exf4 43. Kf2 Be5 44. c6 Re7 45. Bd5+ Kh8 46. Bb4 Rc7 47. Rd2
Qb5 48. Qf3 Nf7 49. Qe4 Kg7 50. Rc2 f3 51. Rc5 Qe2+ 52. Qxe2 fxe2 53. Kxe2 Nxg5
54. Rb5 Kf6 55. Rb7 Ne6 56. a4 Nf4+ 0-1

[Event "Europa ch 2014"]
[Site "Yerevan ARM"]
[Date "2014.03.07"]
[Round "5.40"]
[White "Hammer, Jon Ludvig"]
[Black "Lie, Kjetil A"]
[Result "1/2-1/2"]
[WhiteElo "2647"]
[BlackElo "2509"]
[PlyCount "133"]
[EventDate "2014.03.03"]
[EventType "swiss"]
[EventRounds "11"]
[EventCountry "ARM"]
[Source "lmi"]
[SourceDate "2014.03.02"]

1. Nf3 c5 2. c4 Nf6 3. Nc3 b6 4. e4 d6 5. d4 cxd4 6. Nxd4 Bb7 7. Bd3 e6 8. O-O
Be7 9. b3 O-O 10. Bb2 Nbd7 11. Qe2 Rc8 12. Rae1 Re8 13. Bb1 Bf8 14. Kh1 a6 15.
f4 g6 16. e5 Nh5 17. Be4 Qh4 18. Qf3 Bxe4 19. Rxe4 f5 20. exf6 Ndxf6 21. Rxe6
Rxe6 22. Nxe6 Ng4 23. h3 Ng3+ 24. Kg1 Nxf1 25. hxg4 Qe1 26. Qxf1 Qxe6 27. Nd5
Kf7 28. f5 gxf5 29. gxf5 Qe4 30. Qd1 Qxf5 31. Ne3 Qe6 32. Qh5+ Qg6 33. Qf3+ Kg8
34. Nd5 Qb1+ 35. Kh2 Qxb2 36. Qg4+ Kf7 37. Qf5+ Kg7 38. Qxc8 Qe5+ 39. Kh3 h5
40. Nc7 Qe3+ 41. g3 Qg1 42. Ne6+ Kf6 43. Qxf8+ Kxe6 44. Qf3 Qb1 45. Kh4 Qxa2
46. Kxh5 Qh2+ 47. Kg4 Qc2 48. Qe3+ Kf6 49. Kf3 Qd1+ 50. Ke4 Ke6 51. Qxb6 Qg4+
52. Kd3 Qxg3+ 53. Kc2 Qg2+ 54. Kb1 Qf1+ 55. Ka2 Qe2+ 56. Ka3 Qe1 57. Qd4 Qa5+
58. Kb2 Qe5 59. Qxe5+ Kxe5 60. b4 d5 61. c5 d4 62. Kc2 Kd5 63. Kd3 a5 64. bxa5
Kxc5 65. a6 Kb6 66. Kxd4 Kxa6 67. Ke4 1/2-1/2

[Event "Europa ch 2014"]
[Site "Yerevan ARM"]
[Date "2014.03.07"]
[Round "5.41"]
[White "Rozum, Ivan"]
[Black "Oleksienko, Mikhailo"]
[Result "1/2-1/2"]
[WhiteElo "2505"]
[BlackElo "2640"]
[PlyCount "80"]
[EventDate "2014.03.03"]
[EventType "swiss"]
[EventRounds "11"]
[EventCountry "ARM"]
[Source "lmi"]
[SourceDate "2014.03.02"]

1. d4 d5 2. c4 c6 3. Nf3 Nf6 4. e3 a6 5. Qc2 g6 6. Nc3 Bg7 7. Bd3 O-O 8. O-O
Nbd7 9. cxd5 cxd5 10. a4 Nb8 11. b4 Nc6 12. Ba3 Bg4 13. b5 Na5 14. Ne5 Be6 15.
Bb4 Nc4 16. bxa6 Nxe5 17. dxe5 Ng4 18. h3 Nxe5 19. axb7 Rb8 20. Bb5 Rxb7 21.
Rfd1 Qb8 22. Rac1 Rc8 23. Qe2 Nc6 24. Ba3 Na7 25. Nxd5 Rxc1 26. Bxc1 Nxb5 27.
axb5 Bxd5 28. Rxd5 e6 29. Rc5 Bf8 30. Rc2 Rxb5 31. Rb2 Rxb2 32. Bxb2 Bg7 33.
Bxg7 Kxg7 34. g3 Qb1+ 35. Kh2 Qa1 36. h4 h5 37. Kg2 Qa8+ 38. Kh2 Qa1 39. Kg2
Qa8+ 40. Kh2 Qa1 1/2-1/2

[Event "Europa ch 2014"]
[Site "Yerevan ARM"]
[Date "2014.03.07"]
[Round "5.42"]
[White "Minasian, Artashes"]
[Black "Postny, Evgeny"]
[Result "1/2-1/2"]
[WhiteElo "2482"]
[BlackElo "2635"]
[PlyCount "81"]
[EventDate "2014.03.03"]
[EventType "swiss"]
[EventRounds "11"]
[EventCountry "ARM"]
[Source "lmi"]
[SourceDate "2014.03.02"]

1. g3 e5 2. Bg2 d5 3. d3 c5 4. c4 d4 5. Nf3 Nc6 6. O-O Nf6 7. e3 Be7 8. exd4
exd4 9. Bf4 O-O 10. Ne5 Nxe5 11. Bxe5 Bd6 12. Bxf6 Qxf6 13. Nd2 Qd8 14. Re1 Rb8
15. Qh5 g6 16. Qh6 Bf5 17. Be4 Bxe4 18. Nxe4 Be7 19. h4 Re8 20. Qf4 f5 21. Ng5
Bxg5 22. hxg5 Qd7 23. Re5 Rxe5 24. Qxe5 Re8 25. Qxc5 f4 26. Kg2 fxg3 27. Kxg3
h5 28. gxh6 Kh7 29. Qd5 Qc7+ 30. Kg2 Re5 31. Qxd4 Qc6+ 32. f3 Qf6 33. Qf2 Rg5+
34. Kf1 Qf5 35. Qe3 Qh3+ 36. Ke1 Qh1+ 37. Kd2 Rg2+ 38. Kc3 Qxa1 39. Qe7+ Kxh6
40. Qh4+ Kg7 41. Qe7+ 1/2-1/2

[Event "Europa ch 2014"]
[Site "Yerevan ARM"]
[Date "2014.03.07"]
[Round "5.43"]
[White "Ivanisevic, Ivan"]
[Black "Oparin, Grigoriy"]
[Result "1-0"]
[WhiteElo "2633"]
[BlackElo "2526"]
[PlyCount "81"]
[EventDate "2014.03.03"]
[EventType "swiss"]
[EventRounds "11"]
[EventCountry "ARM"]
[Source "lmi"]
[SourceDate "2014.03.02"]

1. d4 Nf6 2. c4 e6 3. g3 d5 4. Bg2 Bb4+ 5. Nd2 O-O 6. Ngf3 b6 7. cxd5 exd5 8.
O-O Bb7 9. Ne5 Nbd7 10. Qa4 Bxd2 11. Bxd2 Nxe5 12. dxe5 Ne4 13. Be3 Qe7 14. f4
f5 15. b4 c6 16. Qb3 Ba6 17. Rfc1 Qe6 18. Qb2 Rab8 19. Bf3 Bc4 20. Rc2 c5 21.
bxc5 bxc5 22. Qa3 Rb5 23. Bxe4 fxe4 24. Bxc5 Rfb8 25. Kg2 d4 26. Bxd4 e3 27.
Qxe3 Bd5+ 28. Kf2 Qh3 29. Rac1 Qxh2+ 30. Ke1 Be6 31. Rc6 Qh1+ 32. Kd2 Qd5 33.
Qd3 Ra5 34. a3 Rd8 35. R1c4 Rb5 36. f5 Bxf5 37. Qxf5 Rb2+ 38. Kc1 Rxe2 39. Qe6+
Qxe6 40. Rxe6 Rf8 41. Rc2 1-0

[Event "Europa ch 2014"]
[Site "Yerevan ARM"]
[Date "2014.03.07"]
[Round "5.44"]
[White "Swiercz, Dariusz"]
[Black "Zoler, Dan"]
[Result "1-0"]
[WhiteElo "2631"]
[BlackElo "2504"]
[PlyCount "185"]
[EventDate "2014.03.03"]
[EventType "swiss"]
[EventRounds "11"]
[EventCountry "ARM"]
[Source "lmi"]
[SourceDate "2014.03.02"]

1. e4 Nf6 2. e5 Nd5 3. d4 d6 4. Nf3 Bg4 5. Be2 e6 6. O-O Be7 7. c4 Nb6 8. exd6
cxd6 9. b3 O-O 10. Bb2 d5 11. c5 N6d7 12. b4 a6 13. Nbd2 Nc6 14. a3 Bf6 15. Rc1
Qc7 16. Re1 Rae8 17. Qb3 Qf4 18. Qe3 Qc7 19. h3 Bxf3 20. Bxf3 h6 21. Qd3 g6 22.
Nb3 Bg7 23. Bc3 Rb8 24. a4 b5 25. Ra1 bxa4 26. Rxa4 Rb7 27. Qd2 Ndb8 28. Be2
Qd7 29. Ra3 e5 30. dxe5 d4 31. Nxd4 Nxe5 32. Bxa6 Rd8 33. Bf1 Qd5 34. Qa2 Qxa2
35. Rxa2 Nd3 36. Bxd3 Bxd4 37. Bxd4 Rxd4 38. Be4 Rbxb4 39. Bf3 Rdc4 40. Ra8 Kg7
41. Re8 Nd7 42. c6 Rc1+ 43. Kh2 Nf6 44. Re7 Rf4 45. Raa7 Ng8 46. Red7 h5 47.
Kg3 Rf5 48. Be4 h4+ 49. Kxh4 Rxf2 50. Kg3 Rff1 51. c7 Nh6 52. Ra8 Rc3+ 53. Kh2
Rfc1 54. Ra6 Kf8 55. Ra8+ Kg7 56. Ra6 Kf8 57. Ra7 Kg7 58. Bf3 R1c2 59. Bd1 Rc1
60. Rb7 Rc5 61. Bb3 Rf1 62. Bd1 Rf4 63. Be2 Rf6 64. Bf3 Rf4 65. Ra7 Rc2 66. Bb7
Rfc4 67. Bd5 Rc5 68. Bxf7 Nxf7 69. Rxf7+ Kh6 70. Rh7+ Kg5 71. Rb7 Rc6 72. Rf7
R2c5 73. Rd7 Kh5 74. Ra7 Kg5 75. Kg3 Rc3+ 76. Kf2 Rc2+ 77. Kf3 R2c4 78. Ke3 Kf6
79. Rf7+ Kg5 80. Kf2 Rc2+ 81. Kg1 Rc1+ 82. Kh2 R1c5 83. Rg7 Kf6 84. h4 Kf5 85.
Kh3 Rc3+ 86. g3 R3c5 87. Ra8 Kf6 88. Rag8 Rxc7 89. Rxg6+ Kf5 90. Rg5+ Kf6 91.
Rf8+ Ke7 92. Rxc5 Rxc5 93. Rf3 1-0

[Event "Europa ch 2014"]
[Site "Yerevan ARM"]
[Date "2014.03.07"]
[Round "5.45"]
[White "Potkin, Vladimir"]
[Black "Raznikov, Danny"]
[Result "1-0"]
[WhiteElo "2625"]
[BlackElo "2490"]
[PlyCount "69"]
[EventDate "2014.03.03"]
[EventType "swiss"]
[EventRounds "11"]
[EventCountry "ARM"]
[Source "lmi"]
[SourceDate "2014.03.02"]

1. c4 e5 2. Nc3 Nf6 3. Nf3 Nc6 4. g3 Nd4 5. Bg2 Nxf3+ 6. Bxf3 Bb4 7. Qb3 Bc5 8.
O-O O-O 9. Na4 Be7 10. d4 d6 11. dxe5 dxe5 12. Rd1 Nd7 13. Be3 c6 14. Qc3 Qc7
15. b4 f5 16. Bg2 Nf6 17. b5 cxb5 18. cxb5 Qxc3 19. Nxc3 e4 20. f3 Be6 21. fxe4
fxe4 22. Nxe4 Bc4 23. a4 Rae8 24. Bd4 Bxe2 25. Re1 Bc4 26. Nxf6+ Bxf6 27. Bxf6
Rxe1+ 28. Rxe1 Rxf6 29. Bxb7 Rd6 30. Rc1 Be2 31. Kf2 Rd2 32. Ke3 Rb2 33. Bd5+
Kf8 34. Rc7 Bd1 35. Rf7+ 1-0

[Event "Europa ch 2014"]
[Site "Yerevan ARM"]
[Date "2014.03.07"]
[Round "5.46"]
[White "Andriasian, Zaven"]
[Black "Jurcik, Marian"]
[Result "1-0"]
[WhiteElo "2600"]
[BlackElo "2481"]
[PlyCount "111"]
[EventDate "2014.03.03"]
[EventType "swiss"]
[EventRounds "11"]
[EventCountry "ARM"]
[Source "lmi"]
[SourceDate "2014.03.02"]

1. e4 c5 2. Nf3 Nc6 3. d4 cxd4 4. Nxd4 e5 5. Nb5 d6 6. c4 Be7 7. N1c3 a6 8. Na3
f5 9. Bd3 f4 10. g3 Nf6 11. gxf4 exf4 12. Bxf4 O-O 13. Bg3 Be6 14. Nc2 Ng4 15.
f4 h5 16. Be2 Bf6 17. O-O Qb6+ 18. Kh1 Nd4 19. Nxd4 Bxd4 20. Bxg4 Bxg4 21. Qd3
Bh3 22. Rfb1 Be6 23. Nd5 Bxd5 24. cxd5 h4 25. Bxh4 Rxf4 26. Bg3 Rf6 27. Rf1
Raf8 28. Rxf6 Rxf6 29. Rd1 Qxb2 30. Bxd6 Rxd6 31. Qxd4 Qe2 32. Qd3 Qxa2 33. e5
Rh6 34. h3 Qa4 35. Rg1 Qd7 36. Kh2 Rh5 37. Qg3 Qe7 38. Re1 Rf5 39. Re2 a5 40.
Qe3 b5 41. Qd4 Rf3 42. Qg4 Qf8 43. d6 Rf2+ 44. Kg3 Rf1 45. Kg2 Rf4 46. Qg3 Qa8+
47. Kh2 Rf3 48. Qg2 Qf8 49. Qg4 Rf2+ 50. Kg3 Rf1 51. Kg2 Rf4 52. Qe6+ Kh7 53.
d7 Qa8+ 54. Kh2 Qf3 55. Rg2 Qd3 56. d8=Q 1-0

[Event "Europa ch 2014"]
[Site "Yerevan ARM"]
[Date "2014.03.07"]
[Round "5.48"]
[White "Grigoryan, Avetik"]
[Black "Alekseenko, Kirill"]
[Result "1/2-1/2"]
[WhiteElo "2583"]
[BlackElo "2461"]
[PlyCount "135"]
[EventDate "2014.03.03"]
[EventType "swiss"]
[EventRounds "11"]
[EventCountry "ARM"]
[Source "lmi"]
[SourceDate "2014.03.02"]

1. Nf3 d5 2. g3 Nc6 3. d4 Bg4 4. Bg2 Qd7 5. O-O O-O-O 6. Nbd2 f6 7. c4 e6 8. a3
Kb8 9. b4 h5 10. Bb2 g5 11. h4 dxc4 12. Qc2 gxh4 13. Nxh4 Bxe2 14. Rfe1 Bd3 15.
Qc3 Nge7 16. Nxc4 Qxd4 17. Qxd4 Nxd4 18. Na5 b6 19. Nb7 Rd7 20. Rad1 e5 21. Bh3
Rd5 22. Bg2 e4 23. Bxd4 Rxd4 24. Nd8 Bh6 25. Nf7 Rh7 26. Rxd3 Rxd3 27. Bxe4
Rxg3+ 28. fxg3 Rxf7 29. Nf5 Nxf5 30. Bxf5 c6 31. Re6 Kc7 32. Kf2 Bc1 33. a4 Ba3
34. b5 Bd6 35. Bg6 Rf8 36. Re8 h4 37. gxh4 Rxe8 38. Bxe8 c5 39. Bf7 Kd7 40. Ke3
f5 41. h5 Ke7 42. Bg8 Kf8 43. Be6 f4+ 44. Ke4 Kg7 45. Kf5 f3 46. Bd5 f2 47. Bc4
Kh6 48. Kg4 Be5 49. Bf1 Bd4 50. Bc4 Bc3 51. Bf1 Kg7 52. Kf5 Be1 53. Bc4 Bd2 54.
Bd3 Kf7 55. Bc4+ Ke7 56. Ke5 Bc1 57. Kf5 Bh6 58. Ke4 Kf6 59. Kf3 Ke5 60. Kxf2
Kd4 61. Be6 Kd3 62. Ke1 Kc3 63. Ke2 Bg7 64. Bf7 Bh6 65. Be6 c4 66. Kd1 Kb3 67.
Bd5 Bg7 68. Be6 1/2-1/2